Effect of paramec super on the gastor in testinal parasite of cattle in krangthinounh commune, batti stung district, takeo province, ប្រសិទ្ធភាព PARAMEC SUPER លើបរាសិតក្នុងក្រពះ ពោះវៀនគោក្នុងឃុំក្រាំងធ្នង់ ស្រុកបាទី ខេត្តតាកែវ. (Record no. 2722)

000 -LEADER
fixed length control field 00728nam a22001337a 4500
040 ## - CATALOGING SOURCE
Transcribing agency RUA
082 ## - DEWEY DECIMAL CLASSIFICATION NUMBER
Classification number AVM OP 2013 B105 Or.1
100 ## - MAIN ENTRY--AUTHOR NAME
Personal name OP, RAKSMEY.
245 ## - TITLE STATEMENT
Title Effect of paramec super on the gastor in testinal parasite of cattle in krangthinounh commune, batti stung district, takeo province, ប្រសិទ្ធភាព PARAMEC SUPER លើបរាសិតក្នុងក្រពះ ពោះវៀនគោក្នុងឃុំក្រាំងធ្នង់ ស្រុកបាទី ខេត្តតាកែវ.
260 ## - PUBLICATION, DISTRIBUTION, ETC. (IMPRINT)
Place of publication phnom penh
Name of publisher RUA
Year of publication 2013
300 ## - PHYSICAL DESCRIPTION
Number of Pages X,49p
Other physical details ill.
Dimensions 29cm.
856 ## - ELECTRONIC LOCATION AND ACCESS
Uniform Resource Identifier https://drive.google.com/file/d/13F7FNw0ZSAgWkHfinb03CaeQjgCpuzEQ/view?usp=sharing
942 ## - ADDED ENTRY ELEMENTS (KOHA)
Koha item type AVM
952 ## - LOCATION AND ITEM INFORMATION (KOHA)
Withdrawn status [LOCAL, KOHA] 0
952 ## - LOCATION AND ITEM INFORMATION (KOHA)
Withdrawn status [LOCAL, KOHA] 0
952 ## - LOCATION AND ITEM INFORMATION (KOHA)
Withdrawn status [LOCAL, KOHA] 0
952 ## - LOCATION AND ITEM INFORMATION (KOHA)
Withdrawn status [LOCAL, KOHA] 0
952 ## - LOCATION AND ITEM INFORMATION (KOHA)
Withdrawn status [LOCAL, KOHA] 0
952 ## - LOCATION AND ITEM INFORMATION (KOHA)
Withdrawn status [LOCAL, KOHA] 0
952 ## - LOCATION AND ITEM INFORMATION (KOHA)
Withdrawn status [LOCAL, KOHA] 0
952 ## - LOCATION AND ITEM INFORMATION (KOHA)
Withdrawn status [LOCAL, KOHA] 0
952 ## - LOCATION AND ITEM INFORMATION (KOHA)
Withdrawn status [LOCAL, KOHA] 0
Holdings
Permanent Location Date acquired Koha item type Lost status Shelving location Barcode Current Location Full call number
Library Block B2015-10-26AVM B105RUA015304Library Block BAVM OP 2013 B105 Or.1
Library Block B2015-10-26AVM B105RUA015376Library Block BAVM OP 2013 B105 Or.2
Library Block B2015-10-26AVM B105RUA017742Library Block BAVM OP 2013 B105 Or.3
Library Block B2015-10-26AVM B105RUA017886Library Block BAVM OP 2013 B105 Or.4
Library Block B2015-10-26AVM B105RUA017896Library Block BAVM OP 2013 B105 Or.5
Library Block B2015-10-26AVM B105RUA017527Library Block BAVM OP 2013 B105 Or.6
Library Block B2015-10-26AVM B105RUA017599Library Block BAVM OP 2013 B105 Or.7
Library Block B2015-10-26AVM B105RUA017671Library Block BAVM OP 2013 B105 Or.8
Library Block B2015-10-26AVM B105RUA017815Library Block BAVM OP 2013 B105 Or.9
មជ្ឈមណ្ឌលឯការនៃសាកលវិទ្យាល័យភូមិន្ទកសិកម្មចំការដូង

Powered by Koha